Lord of the Rings Quotes #4 - Statistics

General Stats
  • This quiz has been taken 46 times
  • The average score is 5 of 15
Answer Stats
Hint Answer % Correct
Dangerous! And so am I, very dangerous: more dangerous than anything you will ever meet, unless you are brought alive before the seat of the Dark Lord. Gandalf
86%
The Men of the Mark do not lie, and therefore they are not easily deceived. Eomer
63%
A light when all other lights go out! And indeed light alone can help us. Frodo
58%
The West has failed. It shall all go up in a great fire, and all shall be ended. Denethor
53%
Seldom will Orcs journey in the open under the sun, yet these have done so. Certainly they will not rest by night. Legolas
51%
Is everything sad going to come untrue? What's happened to the world? Sam
51%
But I am not such a man. Or I am wise enough to know there are some perils from which a man must flee. Faramir
37%
I guessed it was you in the black ships. But they were all shouting corsairs and wouldn't listen to me. Merry
33%
In the language of Orthanc help means ruin, and saving means slaying, that is plain. Gimli
28%
I do not speak to you yet, Gimli Gloin's son. Far away is your home and small concern of yours are the troubles of this land. Saruman
23%
We come to kill, by sun or moon. What of the dawn? Uruk hai
21%
There is Eowyn ...... She is fearless and high-hearted. All love her. Let her be as lord to the Eorlingas, while we are gone. Hama
16%
So victory is shorn of gladness, and it is bitter bought, if both Gondor and Rohan are in one day berefit of their lords. Imrahil
16%
The wide world is all about you: You can fence yourselves in, but you cannot forever fence it out. Gildor
5%
Halflings! But they are only a little people in old songs and children's tales out of the North. Do we walk in legends or on the green earth in the daylight? Eothain
2%
No matching quizzes found
Score Distribution
Percent of People with Each Score
Percentile by Number Answered
Your Score History
You have not taken this quiz